Los 15 países con mayor inmigración italiana - Estadísticas

Estadísticas generales
  • Esta prueba ha sido intentada 63 veces
  • La puntuación promedio es 13 de 15
Estadísticas de respuestas
Top Población
Emigraron
País % Correcto
153.583 España
98%
325.933 Francia
98%
309.965 Estados Unidos
97%
254.054 Reino Unido
97%
153.824 Argentina
95%
694.514 Alemania
93%
254.831 Canadá
93%
270.077 Suiza
92%
13° 47.193 Brasil
90%
14° 35.908 Países Bajos
90%
10° 121.283 Bélgica
86%
206.282 Australia
85%
15° 34.205 Austria
85%
11° 79.752 Rumania
49%
12° 48.148 Venezuela
42%
No se encontraron pruebas coincidentes
Distribución de puntuación
Porcentaje de gente con cada puntuación
Porcentaje por número respondido
Historial de tus puntuaciones
No has intentado esta prueba.